Statystyki dla Chipsy

Kliknij tutaj aby rozwiązać quiz!

Ogólne statystyki

  • Ten quiz został rozwiązany 1 848 razy
  • Średni wynik to 6 z 19

Statystyki odpowiedzi

Pierwsza literaOdpowiedź% Poprawnych
LLays
99%
CCrunchips
71%
PPringles
61%
CCheetos
58%
DDoritos
46%
SStar
46%
WWiejskie ziemniaczki
42%
TTop Chips
39%
MMaczugi
28%
PPrzysnacki
22%
MMonster Munch
18%
CChipsletten
17%
TTwistos
14%
CChio Chips
10%
CCurly
9%
BBingo
6%
PPeppies
5%
MMr Snaki
4%
TTip Top
3%

Rozkład punktacji

Percentyl według liczby udzielonych odpowiedzi

Procent ludzi z każdym wynikiem

Twoja historia wyników

Nie rozwiązałeś tego quizu